|
|
|
|
| LEADER |
00000nam a2200000 a 4500 |
| 001 |
vtls008943983 |
| 003 |
SK-MaSNL |
| 005 |
20260302075624.0 |
| 008 |
240313s2006 xo dl d p 000 0 slo |
| 015 |
|
|
|a SNBA207/04-01242
|
| 020 |
|
|
|a 8022725013
|q (brož.)
|
| 035 |
|
|
|a 5029B97D-51D8-4E2E-8EBB-38BB821B5A54
|
| 035 |
|
|
|a urn:nbn:sk:snk-aml7g7
|
| 035 |
|
|
|a urn:nbn:sk:snk-am008tmi
|
| 040 |
|
|
|a SNK
|b slo
|c SNK
|e AACR2
|
| 041 |
0 |
|
|a slo
|
| 044 |
|
|
|a xo
|c SK
|
| 072 |
|
7 |
|a 005
|x Manažment. Riadenie
|2 2001
|
| 080 |
|
|
|a 005
|2 2001
|
| 080 |
|
|
|a 658.8
|2 2001
|
| 080 |
|
|
|a (07)
|2 2001
|
| 100 |
1 |
|
|a Ellingerová, Helena
|c (ekonómka)
|4 aut
|9 48936
|
| 245 |
1 |
0 |
|a Manažment a marketing v podniku
|c Helena Ellingerová a kolektív
|
| 250 |
|
|
|a 1. vyd.
|
| 260 |
|
|
|a Bratislava
|b Slovenská technická univerzita
|c 2006
|
| 300 |
|
|
|a 182 s.
|b grafy, sch., tab.
|c 20 cm
|
| 366 |
|
|
|e 100 výtl.
|
| 504 |
|
|
|a Bibliogr. s. 181-182
|
| 650 |
0 |
7 |
|a manažment
|2 SNKPH
|9 922
|
| 650 |
0 |
7 |
|a marketing
|2 SNKPH
|9 2299
|
| 655 |
|
7 |
|a učebné texty
|2 SNKPH
|9 70568
|
| 700 |
1 |
|
|a Ivanička, Koloman,
|d 1954-2013
|4 aut
|9 100410
|
| 700 |
1 |
|
|a Jankovichová, Eva,
|d 1956-
|4 aut
|9 195384
|
| 700 |
1 |
|
|a Kalinová, Gabriela
|4 aut
|9 15398
|
| 700 |
1 |
|
|a Kašjaková, Oľga
|4 aut
|9 742652
|
| 700 |
1 |
|
|a Petráková, Zora,
|d 1958-
|4 aut
|9 199972
|
| 700 |
1 |
|
|a Trávnik, Igor,
|d 1942-2022
|4 aut
|9 218939
|
| 700 |
1 |
|
|a Zúbková, Mária,
|d 1949-
|4 aut
|9 203030
|
| 919 |
|
|
|a 80-227-2501-3
|
| 958 |
|
|
|a NB
|
| 958 |
|
|
|a OND
|
| 968 |
|
|
|d 0
|
| 999 |
|
|
|c 1169942
|d 1171872
|
| 952 |
|
|
|a SNK
|b SNK
|y PREZ
|7 0
|p 17A0539381
|o snkSC 126622
|i snk2007/3726
|8 0
|0 0
|1 0
|4 0
|d 2007-02-08
|f 1
|l 0
|r 2025-06-16 00:00:00
|w 2026-02-24
|
| 952 |
|
|
|a SNK
|b SNK
|y VYP
|7 0
|p 17A0539380
|o snkSC 126622 D1
|i snk2007/3727
|8 0
|0 0
|1 0
|4 0
|d 2007-02-08
|l 0
|r 2026-02-24 21:00:51
|w 2026-02-24
|